<?xml version="1.0" encoding="UTF-8"?><?xml-stylesheet type="text/xsl" href="static/style.xsl"?><OAI-PMH xmlns="http://www.openarchives.org/OAI/2.0/" xmlns:xsi="http://www.w3.org/2001/XMLSchema-instance" xsi:schemaLocation="http://www.openarchives.org/OAI/2.0/ http://www.openarchives.org/OAI/2.0/OAI-PMH.xsd"><responseDate>2026-05-11T15:38:06Z</responseDate><request verb="GetRecord" identifier="oai:riubu.ubu.es:10259/11449" metadataPrefix="marc">https://riubu.ubu.es/oai/request</request><GetRecord><record><header><identifier>oai:riubu.ubu.es:10259/11449</identifier><datestamp>2026-02-27T01:06:00Z</datestamp><setSpec>com_10259_11445</setSpec><setSpec>com_10259_7183</setSpec><setSpec>com_10259.4_106</setSpec><setSpec>com_10259_2604</setSpec><setSpec>col_10259_11446</setSpec></header><metadata><record xmlns="http://www.loc.gov/MARC21/slim" xmlns:doc="http://www.lyncode.com/xoai" xmlns:xsi="http://www.w3.org/2001/XMLSchema-instance" xmlns:dcterms="http://purl.org/dc/terms/" xsi:schemaLocation="http://www.loc.gov/MARC21/slim http://www.loc.gov/standards/marcxml/schema/MARC21slim.xsd">
<leader>00925njm 22002777a 4500</leader>
<datafield tag="042" ind1=" " ind2=" ">
<subfield code="a">dc</subfield>
</datafield>
<datafield tag="720" ind1=" " ind2=" ">
<subfield code="a">Fridberg, Marie</subfield>
<subfield code="e">author</subfield>
</datafield>
<datafield tag="720" ind1=" " ind2=" ">
<subfield code="a">Redfors, Andreas</subfield>
<subfield code="e">author</subfield>
</datafield>
<datafield tag="720" ind1=" " ind2=" ">
<subfield code="a">Greca Dufranc, Ileana María</subfield>
<subfield code="e">author</subfield>
</datafield>
<datafield tag="720" ind1=" " ind2=" ">
<subfield code="a">García Terceño, Eva María</subfield>
<subfield code="e">author</subfield>
</datafield>
<datafield tag="260" ind1=" " ind2=" ">
<subfield code="c">2022-01</subfield>
</datafield>
<datafield tag="520" ind1=" " ind2=" ">
<subfield code="a">This article describes outcomes from the Erasmus + project botSTEM, involving a theoretical framework for Science, Technology, Engineering &amp; Technology (STEM) and robotics and teaching activities for preschool teachers and teachers educating children 4–8 years old. Spanish and Swedish preschool teachers’ self-efficacy and views of teaching STEM and robotics are presented, using a mixed methodology based on a questionnaire and focus group interviews. The 3-year long project has improved the preschool teachers’ self-efficacy in STEM and robotics teaching, as described in a questionnaire answered by the preschool teachers after the project. Possibilities in STEM and robotics teaching experienced by them include an increase in children’s agency, knowledge and interest, and the obstacles are mainly structural or technical. Robotics teaching also supports children with special needs when interacting with peers. The results from the botSTEM project point to the benefit of supported long-term professional development for STEM and robotics teaching in preschools.</subfield>
</datafield>
<datafield tag="024" ind2=" " ind1="8">
<subfield code="a">0957-7572</subfield>
</datafield>
<datafield tag="024" ind2=" " ind1="8">
<subfield code="a">https://hdl.handle.net/10259/11449</subfield>
</datafield>
<datafield tag="024" ind2=" " ind1="8">
<subfield code="a">10.1007/s10798-021-09717-y</subfield>
</datafield>
<datafield tag="024" ind2=" " ind1="8">
<subfield code="a">1573-1804</subfield>
</datafield>
<datafield ind1=" " ind2=" " tag="653">
<subfield code="a">STEM</subfield>
</datafield>
<datafield ind1=" " ind2=" " tag="653">
<subfield code="a">Robotics</subfield>
</datafield>
<datafield ind1=" " ind2=" " tag="653">
<subfield code="a">Preschool teachers</subfield>
</datafield>
<datafield ind1=" " ind2=" " tag="653">
<subfield code="a">Professional development</subfield>
</datafield>
<datafield ind1=" " ind2=" " tag="653">
<subfield code="a">Self-efficacy</subfield>
</datafield>
<datafield tag="245" ind1="0" ind2="0">
<subfield code="a">Spanish and Swedish teachers’ perspective of teaching STEM and robotics in preschool – results from the botSTEM project</subfield>
</datafield>
</record></metadata></record></GetRecord></OAI-PMH>